00866nam a22002537a 450000500170000001000130001702000230003003500130005303700160006604000120008208200210009410000230011524500970013824600060023526000420024127000430028330000240032650000200035065000290037065000320039994200300043199900190046195201320048020170124110000.0 aB-211122 c550.00a8175411309 aB-211122 bCen Lib/Ret aDPLbEN a355.0630973bKAM aKamath, P M915501 aU.S. national security :cby P.M. kamath bstruggle for supermacy in policy making 1969-1989 b  bShipra publications c2003aNew Delhi bNew Delhia115-A, Vikas marg shakarpur avii,222p.c21cm(Hb) aIncludes index  aNational security915502 aDiplomatic relations915503 2ddccENh355.0630973mKAM c125786d125786 00104070aLbLd2015-06-23eCen Lib/Retg550.00l0o355.0630973 KAMpB-211122r2015-06-23 00:00:00t1v550.00w2015-06-23yEN